Premlčanie práva v obchodných právnych vzťahoch

Právna úprava premlčania. Predmet a účinky premlčania. Všeobecná a osobitná premlčacia doba. Beh premlčacej doby. Spočívanie a prerušenie premlčacej doby.

Salvato in:
Dettagli Bibliografici
Autore principale: Fekete, Imrich
Natura: Capitolo di libro
Lingua:slovacco
Soggetti:
Tags: Aggiungi Tag
Nessun Tag, puoi essere il primo ad aggiungerne!!

MARC

LEADER 00000naa a2200000 4500
001 r047587
005 20230919120933.5
041 0 |a slo 
044 |a SK 
245 1 0 |a Premlčanie práva v obchodných právnych vzťahoch  |c Imrich Fekete 
520 |a Právna úprava premlčania. Predmet a účinky premlčania. Všeobecná a osobitná premlčacia doba. Beh premlčacej doby. Spočívanie a prerušenie premlčacej doby. 
610 2 0 |a premlčanie 
610 2 0 |a právo obchodné 
610 2 0 |a vzťahy obchodné 
610 2 0 |a vzťahy právne 
610 2 0 |a zákonník obchodný 
610 2 0 |a obaly 
610 2 0 |a Slovensko 
100 1 |a Fekete, Imrich